00736 a2200205 450000100060000002000150000604000240002110000230004524000360006824500310010430000070013536200090014244000120015165000310016394200070019495201040020195201040030595201040040999900170051369983 a8508076800 cAnchieta - Itaigara aPaes, José Paulo10aVejam como eu sei escreverlpor10aVejam como eu sei escrever a310 a2001 1aÁtica 4aLiteratura infanto-juvenil cBK 00104070a88.1b88.1d2023-11-21l0o028.5 PAE VEJp2925/ITAr2023-11-21 20:04:47w2023-11-21yBK 00104070a88.1b88.1d2023-11-21l0o028.5 PAE VEJp2926/ITAr2023-11-21 20:04:47w2023-11-21yBK 00104070a88.1b88.1d2023-11-21l0o028.5 PAE VEJp2927/ITAr2023-11-21 20:04:47w2023-11-21yBK c69983d69983